00691nai a2200169Ia 4500003000900000008004100009022002200050022002300072040001600095245007800111260008600189310001300275362002800288521006900316650004600385856009000431IN-BaIIA211028c9999 xx s 000 0 eng d a2168-1686 (Print) a2168-1694 (Online) cIIA Library 0aTransactions of the IRE Professional Group on Component Partsh[eJournal] aNew York, USAbThe Institute of Electrical and Electronics Engineers, Inc. (IEEE) aAnnually a1(1); 1954 - 2(1); 1954 bSubscribed through National Knowledge Resource Consortium (NKRC) aComponents, Circuits, Devices and Systems uhttps://ieeexplore.ieee.org/servlet/opac?punumber=8219yClick Here to Access eJournal